Training program of electrical equipment and system integration, Inc. (Record no. 79719)

MARC details
000 -LEADER
fixed length control field 03425nam a22002657a 4500
003 - CONTROL NUMBER IDENTIFIER
control field URS
005 - DATE AND TIME OF LATEST TRANSACTION
control field 20240423000947.0
008 - FIXED-LENGTH DATA ELEMENTS--GENERAL INFORMATION
fixed length control field 240423b |||||||| |||| 00| 0 eng d
050 00 - LIBRARY OF CONGRESS CALL NUMBER
Classification number LG 221.R59.T6822
Item number 2018
100 1# - MAIN ENTRY--PERSONAL NAME
Personal name Esteban, Julipearl Mapula
Relator term Researcher
245 10 - TITLE STATEMENT
Title <a href="Training program of electrical equipment and system integration, Inc.">Training program of electrical equipment and system integration, Inc.</a>
Statement of responsibility, etc Julipearl Mapula Esteban [et....al]
260 #1 - PUBLICATION, DISTRIBUTION, ETC. (IMPRINT)
Date of publication, distribution, etc 2018
300 ## - PHYSICAL DESCRIPTION
Extent viii, 68 leaves
Other physical details illustration
Dimensions 28cm
336 ## - CONTENT TYPE
Source rdacontent
Content type term text
337 ## - MEDIA TYPE
Source rdamedia
Media type term unmediated
338 ## - CARRIER TYPE
Source rdacarrier
Carrier type term volume
502 ## - DISSERTATION NOTE
Dissertation note Undergraduate Thesis
Degree type Bachelor of Science in Business Administration Major in Human Resources Development Management<br/>
Name of granting institution University of Rizal System, Rodriguez, Rizal
Year degree granted 2018
520 ## - SUMMARY, ETC.
Summary, etc This study was conducted to assess the training program of Electrical<br/>Equipment and System Integration Inc.<br/>The respondents of the study were thirty (30) employees in Electrical<br/>Equiprnent and System Integration Inc. The study utilized descriptive quantitative<br/>method using questionnaire checklist as a data gathering instrument. They also<br/>employed qualitative method wherein interview was also conducted to further<br/>enrich the results of the study.<br/>For the statistical treatment of the data, frequency, percentage distribution<br/>and ranking were used to determine the profile of the respondents. Mean was<br/>lzed to determine the implermentation of training program at Electricat<br/>Equiprnert and System Integration Inc.<br/>You sent<br/>From the thorough analyais of data gathered and the resuts obtained in<br/>Phe pevious disoussion the following significant findings are hereby<br/>Sueed n tems of sex mostly were male witha frequency of 17 or 56 67<br/>percet n tems of age, 21-24 years old got the highest frequency of 14 or 46.67<br/>erent n tems of position mostly are HR Assistant and System Engineer with<br/>the sae frequency of 5 or 16.67 percent. In terms of length of service, majorty<br/>of the employees have rendered their service 1 year and below with a frequency<br/>f 10 or 33 33 percent In terms of educational attainment most of the<br/>respondents we college graduates with a frequency of 27 or 90 percent<br/>As to assessed formulation it got an average mean of 3.89 for both HR<br/>Assistant and Engineers which verbally interpreted as agree. Support of Top<br/>Management has the highest mean of 427 for HR Assistant while complete<br/>training materials has the highest mean of 4.26 for Engineers and verbally<br/>interpreted as strongly agree. In terms of implementation, the average mean was<br/>445 and verbally interpreted as strongly agree for HR Assistant while the<br/>average mean for Engineers was 4.19 and was verbally interpreted as agree<br/>Having an adequate facilities has the highest weighted mean of 4. 64 and 437<br/>Nor botfh HR Assistant and Engineers during the implementation of the training<br/>program at EESI and verbally interpreted as strongly agree. Lastly the evaluation<br/>of raining program of Electrical Equipment and System Integration, Ine obtains<br/>versge mean of 4.21 for HR Assistant and was verbally intepreled as<br/>Shongly Agroe hile Engineers got an average mean of 4.18 and was verbaly<br/>preted as Agree
650 ## - SUBJECT ADDED ENTRY--TOPICAL TERM
Source of heading or term assess the training program
700 ## - ADDED ENTRY--PERSONAL NAME
Personal name Pami, Honey Rose Tan
Relator term Researcher
700 ## - ADDED ENTRY--PERSONAL NAME
Personal name Posugac, Mijah Cerdon
Relator term Researcher
700 ## - ADDED ENTRY--PERSONAL NAME
Personal name Sapilan, Aireen Jurilla
Relator term Researcher
700 ## - ADDED ENTRY--PERSONAL NAME
Personal name Michael L. Protacio
Relator term Adviser
942 ## - ADDED ENTRY ELEMENTS (KOHA)
Source of classification or shelving scheme Library of Congress Classification
Koha item type Theses and dissertations
Holdings
Withdrawn status Source of classification or shelving scheme Damaged status Not for loan Home library Current library Shelving location Date acquired Total Checkouts Full call number Barcode Date last seen Price effective from Koha item type
  Library of Congress Classification   Not For Loan Rodriguez College Library Rodriguez College Library Undergraduate Theses 04/22/2024   LG 221.R59.T6822 2018 URSROD-UGT-HRDM-0625 04/23/2024 04/23/2024 Theses and dissertations

University of Rizal System
Email us at univlibservices@urs.edu.ph

Visit our Website www.urs.edu.ph/library